00925nam a22002537a 45000010005000000030006000050050017000110080041000280200018000690400029000870500013001160820014001291000018001432450109001612600042002703000048003124900035003605050008003955200132004035210018005355210019005536500066005727000033006385746FISKH20250117105933.0250117b cb ||||| |||| 00| 0 eng d a9780064440424 aFISKHbengcFISKHdFISKH aPZ7.M75  a973.7115  aMonjo, F. N.  aThe drinking gourd : bA story of the underground railroad /cby F. N. Monjo ; Pictures by Fred Brenner aNew York ; bHarper Collins, c1997.  a62 pages : bcolor illustrations ; c23 cm  aI Can Read! vReading Alone 3  aM  aWhen he is sent home alone for misbehaving in church, Tommy discovers that his house is a station on the underground railroad. 8 a560 bLexile 8 aM bRaz-Plus  aAmerican History vHistorical Fiction xUnderground Railroad  aBrenner, Fred eillustrator